000 00928nam a22002657a 4500
001 27559
003 UA-OsUOA
005 20220407194115.0
007 ta
008 20040906b un ||||| |||| 00| 0 ukr d
040 _aUA-OsUOA
_bukr
_cUA-OsUOA
_dUA-OsUOA
041 _aukr
044 _aUA
080 _a7(091)(477)"654"
090 _a7(091)(477)"654"
_bІ-90
245 _aІсторія українського мистецтва в шести томах
_cвідп. ред. Я. П. Затенацький
_nКн.1
_p Мистецтво кінця XVIII – першої половини XIX століття
260 _aКиїв
_bЖовтень
_c1969
300 _a364 с.
_bіл.
505 _gТ. 4
650 7 _2UDC
_a7 Мистецтво
700 1 _aЗатенацький Я. П.
_eвідп. ред.
942 _cBK
_2udc
955 _a2
999 _c313906
_d313906